| 000 | 00598nam a22001817a 4500 | ||
|---|---|---|---|
| 999 |
_c526060 _d526060 |
||
| 003 | NUST | ||
| 020 | _qHardcover. | ||
| 024 | _qHard Cover. | ||
| 038 | _aMr. Zahoor | ||
| 082 | _a624.1 | ||
| 100 |
_aHussain, Shahid _917022 |
||
| 245 |
_aEvaluating effective community participation for successful completion of infrastructure projects / _cShahid Hussain |
||
| 260 |
_aIslamabad : _bSCEE - NUST, _c2018. |
||
| 300 |
_axii, 79 p. : ill. ; _c30cm. |
||
| 650 |
_aConstruction Engineering and Management - MS Thesis _917023 |
||
| 700 |
_aDr. Muhammad Jamaluddin Thaheem _916295 |
||
| 942 |
_2ddc _cTHE |
||